Fr. Conceicao Rodrigues College of Engineering

Common Controls & Messages Book 2 (Record no. 27345)

MARC details
000 -LEADER
fixed length control field 00304nam a2200145Ia 4500
082 ## - DEWEY DECIMAL CLASSIFICATION NUMBER
Classification number 5.133
Item number SIM
100 ## - MAIN ENTRY--PERSONAL NAME
Personal name Simon/Richard
245 ## - TITLE STATEMENT
Title Common Controls & Messages Book 2
260 ## - PUBLICATION, DISTRIBUTION, ETC.
Name of publisher, distributor, etc. Techmedia
Date of publication, distribution, etc. 1996
300 ## - PHYSICAL DESCRIPTION
Extent 958
546 ## - LANGUAGE NOTE
Language note ENGLISH
654 ## - SUBJECT ADDED ENTRY--FACETED TOPICAL TERMS
Focus term computer
942 ## - ADDED ENTRY ELEMENTS (KOHA)
Koha item type BOOK
Holdings
Withdrawn status Lost status Damaged status Not for loan Collection Home library Current library Date acquired Total Checkouts Full call number Barcode Date last seen Price effective from Koha item type
        CRC Fr. Agnel's C.Rodrigues College of Engineering Fr. Agnel's C.Rodrigues College of Engineering 17/03/2023   5.133 SIM 10481 17/03/2023 17/03/2023 BOOK